01182ngm a2200277 4500003000400000005001700004007000400021008004000025010001900065024001900084035001900103040001300122082001500135245011900150246000600269260003500275300006200310440003500372500007700407500004800484500005700532500003100589538014100620538012400761650001900885dpl20080723110517.0DVD||||||sp199 xxu|||||c|||| 00| 0 eng d aDVD-000838-840 aA4254c499.00  aDVD-000838-840 aDPLcDPL aDVD / PRIN aPrincess Stories :cWalt Disney Home Entertainmenth[videorecording] DVD/bVolume Three- Beauty Shines From Within a. bWalt Disney Home Entertainment a1 videodisc DVD; (64 min.) :bsd., col. ;c4 3/4 in.fDVD aWalt Disney Home Entertainment aSole Distributor in India M/s. Excel Productions Autio Visuals Pvt. Ltd. aBonus Features: Princess Story Builder Game a"Once Upon A Time" Begin with you and Disney Princes aThis DVD is Copy Protected aDolby Digital 2.0 -English, Thai, Mandarin, Cantonese,Spanish, Portuguese Subtitles: English, Chinese, Bahasa, thai, Spanish, Portuguese aAspect Ratio: 1.33:1, Presentation type: Full Frame, Presentation Size 4x3, Format DVD 9 Dual Layer Single Sided Disc. aAnimated Movie